000 00532nam a2200169Ia 4500
003 GCL
008 140319s9999 xx 000 0 ara d
040 _aGCL /
_cGCL
082 0 4 _a818.03
_bف س
100 1 _aفريدة النقاش
245 1 0 _aالسجن دمعتان: ووردة /
_cفريدة النقاش
260 _a[S.N] :
_bدار المسيرة للنشر والتوزيع والطباعة ،
_c1982
490 _a
650 0 4 _aالتراجم الذاتية
650 0 4 _aفريدة النقاش
942 _2ddc
_cBK
999 _c53172
_d53172